000 00456nam a22001577a 4500
003 NUST
038 _a.
082 _a200 THE
100 _aSaadUllah,
_985072
110 _4Supervisor Dr. Muwahida Liaquat
245 _aTH-SOF-1203-Linear Quadratic Sampled-Data Regulation Based On Realizable Reconstruction Filte
260 _aIslamabad
_bNUST College of EME
_c2015
563 _a.
650 _aMS-COMPUTER ENGINEERING-71
_985073
942 _cTHE
_2ddc
999 _c577092
_d577092